000 00406 a2200145 4500
005 20250627161050.0
020 _a0-471-67185-1
082 _a658.4 GAN.
100 _aGANDOSSY, R.
245 _aLeadership And Governance From The Inside Out,
260 _aNew York,
_bJohn Wiley & Sons, INC.
_c2004.
300 _axxii.; 291p.; Ill.; picture,
_bIndex,
_c24cm.
700 _aSONNENFELD, J.
942 _2ddc
_cBKS
999 _c5742
_d5742